Normal view
MARC view
Entry Personal Name
001 - CONTROL NUMBER
- control field: 37405
003 - CONTROL NUMBER IDENTIFIER
- control field: ARRUPE
005 - DATE AND TIME OF LATEST TRANSACTION
- control field: 20171107111730.0
008 - FIXED-LENGTH DATA ELEMENTS
- fixed length control field: 171107|| aca||aabn | a|a d
040 ## - CATALOGING SOURCE
- Original cataloging agency: ARRUPE
- Transcribing agency: ARRUPE
100 ## - HEADING--PERSONAL NAME
- Personal name: Nietzsche, Friedrich Wilhelm
- Dates associated with a name: 1844-1900
- General subdivision: Views on Buddhaism
670 ## - SOURCE DATA FOUND
- Source citation: Work cat.: (ARRUPE): Morrison, Robert G. 37404, Nietzsche and Buddhism, 1997